000 01169cam a2200361 a 4500
001 1030009
003 ARRUPE
005 20160322113734.0
008 910910s1990 nyu b 001 0 eng
010 _a 89078167
020 _a0377002070 :
_c$7.95
035 _a(OCoLC)20930925
035 _a(OCoLC)ocm20930925
035 _a(CStRLIN)NYCG91-B79707
035 _a(NNC)1030009
040 _aDLC
_cDLC
_dDLC
043 _an-us---
050 0 0 _aBV4319
_b.F67 1990
082 0 0 _a261.5/2
_220
090 _aBV4319
_b.F67 1990
100 1 _aFore, William F.
_923172
245 1 0 _aMythmakers :
_bgospel, culture, and the media /
_cWilliam F. Fore.
260 _aNew York :
_bFriendship Press,
_cc1990.
300 _a150 p. ;
_c22 cm.
504 _aIncludes bibliographical references (p. 140-145) and index.
650 0 _aCommunication
_xReligious aspects
_xChristianity.
_97752
650 0 _aMass media
_xReligious aspects
_xChristianity.
_91024
650 0 _aChristianity and culture.
_923173
650 0 _aMass media
_zUnited States.
_923174
651 0 _aUnited States
_xChurch history
_y20th century.
_923175
942 _2lcc
_cMONOGRAPH
999 _c124430
_d124430